La práctica del poder moderador durante el reinado de Amadeo I de Saboya / (Registro nro. 182444)

Detalles MARC
000 -LEADER
campo de control de longitud fija 00817nam a2200193 i 4500
001 - NÚMERO DE CONTROL
campo de control 182444
003 - IDENTIFICADOR DE NÚMERO DE CONTROL
campo de control ES-MaACL
005 - FECHA Y HORA DE LA ÚLTIMA TRANSACCIÓN
campo de control 20240326160432.0
008 - DATOS DE LONGITUD FIJA--INFORMACIÓN GENERAL
campo de control de longitud fija 130814s1987 sp |||| | spa d
100 1# - ENTRADA PRINCIPAL--NOMBRE DE PERSONA
Nombre de persona Mas Hesse, Margarita.
9 (RLIN) 153261
245 13 - MENCIÓN DEL TÍTULO
Título La práctica del poder moderador durante el reinado de Amadeo I de Saboya /
Mención de responsabilidad, etc. por Margarita Mas Hesse y Rafael Troncoso Ramón.
260 ## - PUBLICACIÓN, DISTRIBUCIÓN, ETC.
Lugar de publicación, distribución, etc. Madrid :
Nombre del editor, distribuidor, etc. Centro de Estudios Constitucionales,
Fecha de publicación, distribución, etc. 1987.
300 ## - DESCRIPCIÓN FÍSICA
Extensión P. 237-271 ;
Dimensiones 24 cm.
595 ## -
-- Separata del nº 35 de la Revista de Estudios Políticos (nueva época), enero-marzo 1987.
651 #4 - PUNTO DE ACCESO ADICIONAL DE MATERIA--NOMBRE GEOGRÁFICO
Nombre geográfico España-
Subdivisión general Historia-
Subdivisión cronológica 1870-1873, Amadeo I
9 (RLIN) 8261
700 1# - ENTRADA AGREGADA--NOMBRE PERSONAL
Nombre de persona Troncoso Ramón, Rafael.
9 (RLIN) 153262
852 ## - LOCALIZACIÓN
Ubicación ES-MaACL
Número de control de estantería 2325-F-6
Nota libre .- Dedicatoria manuscrita de los autores
Existencias
Estatus retirado Estado de pérdida Estado de daño No para préstamo Colección Biblioteca de origen Biblioteca actual Ubicación en estantería Fecha de adquisición Fuente de adquisición Total de préstamos Signatura topográfica completa Código de barras Visto por última vez Precio de reemplazo Tipo de ítem Koha
        Colección de folletos Biblioteca del Ateneo de Madrid Biblioteca del Ateneo de Madrid Depósito folletos 14/08/2013     2325-F-6 1191724 23/02/2023 23/02/2023 Folleto